Statistisk tiars - oversigt for Kobenhavns kommune 1984

Saved in:
Bibliographic Details
Format: Book
Language:English
Published: Kobenhavn Statistiske kontor 1984
Tags: Add Tag
No Tags, Be the first to tag this record!

MARC

LEADER 00000nam a2200000 4500
001 c108638
005 20041019155141.9
041 0 |a eng 
044 |a DK 
245 1 0 |a Statistisk tiars - oversigt for Kobenhavns kommune 1984 
264 1 |a Kobenhavn  |b Statistiske kontor  |c 1984 
300 |a 67 s.